Informe de la Comisión de institucionalidad patrimonial
Uloženo v:
| Korporativní autor: | |
|---|---|
| Médium: | Kniha |
| Jazyk: | španělština |
| Vydáno: |
Las Condes
CNCA
2007
|
| Vydání: | 1a. ed |
| Témata: | |
| Tagy: |
Přidat tag
Žádné tagy, Buďte první, kdo vytvoří štítek k tomuto záznamu!
|
MARC
| LEADER | 00000nam a2200000 a 4500 | ||
|---|---|---|---|
| 001 | UCI2172 | ||
| 003 | CL-VaPUC | ||
| 008 | 070803e20070400CL |||||||||||||||||spa|d | ||
| 082 | 0 | 4 | |a 344 |b COM |2 21 |
| 110 | 2 | |a Comisión de institucionalidad patrimonial |e author |9 523067 | |
| 245 | 1 | 0 | |a Informe de la Comisión de institucionalidad patrimonial |
| 250 | |a 1a. ed | ||
| 300 | |a 125 p | ||
| 942 | |c BK | ||
| 945 | |d 20070803 00:00:00 |a castudil | ||
| 260 | |a Las Condes |b CNCA |c 2007 | ||
| 500 | |a Propuestas de perfeccionamiento depolíticas, instrumentos e institucionalidad patrimonial de Chile | ||
| 650 | 0 | |a Patrimonio cultural |9 309364 | |
| 650 | 7 | |a DIFUSION DEL PATRIMONIO |2 CL-VaPUC |9 523068 | |
| 650 | 0 | |a Políticas culturales |9 381480 | |
| 650 | 7 | |a INSTITUCIONALIDAD PATRIMONIAL |2 CL-VaPUC |9 523069 | |
| 650 | 0 | |a Bibliotecas |9 334508 | |
| 650 | 0 | |a Archivos |9 322428 | |
| 650 | 0 | |a Museos |9 269209 | |
| 650 | 0 | |a Patrimonio arqueológico |9 523070 | |
| 650 | 7 | |a PATRIMONIO PALEONTOLOGICO |2 CL-VaPUC |9 523071 | |
| 650 | 7 | |a PATRIMONIO INMATERIAL |2 CL-VaPUC |9 523072 | |
| 650 | 7 | |a PATRIMONIO INTANGIBLE |2 CL-VaPUC |9 523073 | |
| 650 | 7 | |a PATRIMONIO AUDIOVISUAL |2 CL-VaPUC |9 523074 | |
| 650 | 7 | |a PATRIMONIO FOTOGRAFICO |2 CL-VaPUC |9 523075 | |
| 650 | 0 | |a Memoria |9 266549 | |
| 650 | 7 | |a CONSERVACIÓN DEL PATRIMONIO |2 CL-VaPUC |9 523076 | |
| 651 | 7 | |a CHILE |2 CL-VaPUC |9 523077 | |
| 583 | |a last modification |c 20070803 00:00:00 |k Rodrigo Vera | ||
| 999 | |c 326806 |d 326804 | ||
| 952 | |0 0 |1 0 |4 0 |6 344_000000000000000_COM_2007 |7 0 |8 X |9 408947 |a FDOMLP |b FDOMLP |d 2019-11-22 |i 4352335 |o 344 COM 2007 |p 4352335 |r 2019-11-22 |w 2019-11-22 |y BK_X |k BU2 | ||